ARRUPE JESUIT UNIVERSITY

CORONAVIRUS -STOP THE SPREAD - CLEAN,DISINFECT,COVER

On workers' control and the nationalisation of industry. (Record no. 125768)

MARC details
000 -LEADER
fixed length control field 00860cam a2200277 4500
001 - CONTROL NUMBER
control field 3612538
003 - CONTROL NUMBER IDENTIFIER
control field ARRUPE
005 - DATE AND TIME OF LATEST TRANSACTION
control field 20161128114004.0
008 - FIXED-LENGTH DATA ELEMENTS--GENERAL INFORMATION
fixed length control field 720118s1970 ru c 001 0 eng
010 ## - LIBRARY OF CONGRESS CONTROL NUMBER
LC control number 72873850
015 ## - NATIONAL BIBLIOGRAPHY NUMBER
National bibliography number USSR70-9488
040 ## - CATALOGING SOURCE
Original cataloging agency DLC
Transcribing agency DLC
Modifying agency DLC
041 1# - LANGUAGE CODE
Language code of text/sound track or separate title engrus
043 ## - GEOGRAPHIC AREA CODE
Geographic area code e-ur---
050 00 - LIBRARY OF CONGRESS CALL NUMBER
Classification number HC335.2L415
300 ## - PHYSICAL DESCRIPTION
Dimensions 21 cm.
100 1# - MAIN ENTRY--PERSONAL NAME
Personal name Lenin, Vladimir Ilʹich,
Dates associated with a name 1870-1924.
9 (RLIN) 5305
245 10 - TITLE STATEMENT
Title On workers' control and the nationalisation of industry.
260 ## - PUBLICATION, DISTRIBUTION, ETC. (IMPRINT)
Place of publication, distribution, etc Moscow,
Name of publisher, distributor, etc Progress Publishers
Date of publication, distribution, etc 1970
300 ## - PHYSICAL DESCRIPTION
Extent 259 p.;
350 ## - PRICE (NR) (BK AM CF MU VM SE) [OBSOLETE]
Price 0.75rub
650 #0 - SUBJECT ADDED ENTRY--TOPICAL TERM
Topical term or geographic name as entry element Working class
Geographic subdivision Soviet Union.
9 (RLIN) 27583
651 #0 - SUBJECT ADDED ENTRY--GEOGRAPHIC NAME
Geographic name Soviet Union
General subdivision Economic conditions
Chronological subdivision 1917-1945.
9 (RLIN) 6444
651 #0 - SUBJECT ADDED ENTRY--GEOGRAPHIC NAME
Geographic name Soviet Union
General subdivision Politics and government
Chronological subdivision 1917-1936.
9 (RLIN) 5309
906 ## - LOCAL DATA ELEMENT F, LDF (RLIN)
a 7
b cbc
c orignew
d 4
e ncip
f 19
g y-gencatlg
942 ## - ADDED ENTRY ELEMENTS (KOHA)
Source of classification or shelving scheme Library of Congress Classification
Koha item type Monograph ( Printed materials)
Holdings
Withdrawn status Lost status Source of classification or shelving scheme Damaged status Not for loan Collection code Home library Current library Shelving location Date acquired Total Checkouts Full call number Barcode Date last seen Price effective from Koha item type
    Library of Congress Classification     Main Collection ARRUPE LIBRARY ARRUPE LIBRARY Main Collection 28/11/2016   HC335.2L415 46500010504 23/04/2018 28/11/2016 Monograph ( Printed materials)

 

Arrupe Library. PO Box MP320 Mt Pleasant, Harare, Zimbabwe
263 242 745411|librarian@aju.ac.zw